[Event "Masson Coupe Defi"]
[Site "Masson"]
[Date "1993.09.18"]
[Round "2"]
[White "Paquette, Jean Guy"]
[Black "O'Donnell, Patrick"]
[Result "0-1"]
[WhiteElo "1354"]
[BlackElo "1271"]
[PlyCount "96"]
[EventDate "1993.09.18"]
[EventType "swiss"]
[EventRounds "4"]
[EventCountry "CAN"]
[SourceTitle "EXT 2022"]
[Source "ChessBase"]
[SourceDate "2021.10.06"]
[SourceVersion "1"]
[SourceVersionDate "2021.10.06"]
[SourceQuality "1"]

1. e4 e5 2. Nf3 Nc6 3. Bb5 a6 4. Bxc6 bxc6 5. Nxe5 Nf6 6. d3 Bc5 7. Qf3 Qe7 8. Bf4 Bd4 9. Nxc6 dxc6 10. c3 Bb6 11. 0-0 Bg4 12. Qg3 Qd7 13. h3 Nh5 14. Qxg4 Qxg4 15. hxg4 Nxf4 16. d4 0-0 17. Nd2 Rad8 18. Nf3 c5 19. Rad1 cxd4 20. cxd4 Ne2+ 21. Kh2 Nxd4 22. Nxd4 Rxd4 23. Rxd4 Bxd4 24. b3 g6 25. f4 Bc5 26. Rd1 Re8 27. e5 Kg7 28. Kg3 h6 29. Kf3 f6 30. Rd7+ Re7 31. Rxe7+ Bxe7 32. e6 f5 33. gxf5 gxf5 34. g3 Kf6 35. g4 fxg4+ 36. Kxg4 Kxe6 37. Kh5 Kf5 38. Kxh6 Kxf4 39. Kg6 Ke4 40. Kf7 Ba3 41. Ke6 Kd3 42. Kd5 Kc3 43. Kc6 Kb2 44. Kxc7 a5 45. Kb6 Bb4 46. Kb5 Kxa2 47. Ka4 Bd2 48. Kb5 Kxb3 0-1

[Event "Masson Coupe Defi"]
[Site "Masson"]
[Date "1993.09.18"]
[Round "1"]
[White "Roy, Roger"]
[Black "O'Donnell, Patrick"]
[Result "1-0"]
[WhiteElo "1762"]
[BlackElo "1271"]
[PlyCount "39"]
[EventDate "1993.09.18"]
[EventType "swiss"]
[EventRounds "4"]
[EventCountry "CAN"]
[SourceTitle "EXT 2022"]
[Source "ChessBase"]
[SourceDate "2021.10.06"]
[SourceVersion "1"]
[SourceVersionDate "2021.10.06"]
[SourceQuality "1"]

1. d4 d5 2. Nf3 Nc6 3. Bf4 Bg4 4. Nbd2 e6 5. h3 Bh5 6. e3 Nge7 7. e4 Bxf3 8. Qxf3 g6 9. Bg5 Bg7 10. e5 h6 11. Bf6 Bxf6 12. Qxf6 Rg8 13. g4 Qd7 14. Nb3 0-0-0 15. Nc5 Qe8 16. Bb5 Qf8 17. 0-0-0 Qg7 18. Rdg1 Na5 19. Qxe7 b6 20. Ba6+ 1-0